Szczegóły MARC21

Atlas świata /

001 -Numer Kontrolny Rekordu [,]
    • @
    • pole kontrolne
    • xx005445327
003 -Nazwa instytucji, której n kontrolny jest w polu 001 [,]
    • @
    • Nazwa instytucji, której n kontrolny jest w polu 001
    • NUKAT
005 -DATA I CZAS OSTATNIEJ MODYFIKACJI [,]
    • @
    • pole kontrolne
    • 20241231105122.0
007 -Forma fizyczna dok. kartograficznego/obrazu teledetekcyjnego [,]
    • @
    • Dane kontrolne - forma fizyczna
    • ad canun
008 -ELEMENTY DANYCH STAŁEJ DŁUGOŚCI [,]
    • @
    • pole kontrolne
    • 221104s2023 pl bceg e | 1 pol c
020 -Międzynarodowy znormalizowany numer książki - ISBN [ , ]
    • a
    • Numer ISBN
    • 9788379125111 Find
034 -Zakodowane dane matematyczne [0, ]
    • a
    • Kod miary skali
    • a
040 -Instytucja sporządzająca opis [ , ]
    • a
    • Instytucja, która sporządziła opis (NP)
    • SZCZ U/KP
    • b
    • Język katalogowania
    • pol
    • e
    • Zasady katalogowania
    • rda
    • c
    • Instytucja, która sporządziła rekord (NP)
    • SZCZ U/KPs
942 -Rodzaj dokumentu [ , ]
    • c
    • Rodzaj dokumentu
    • Kartografia-mapy,atlasy
245 -Strefa tytułu i oznaczenia odpowiedzialności [0,0]
    • a
    • Tytuł
    • Atlas świata / Find
    • c
    • Pozostałe elementy strefy tytułu i oznaczenia odpowiedzialności (NP)
    • redakcja atlasu: Marzena Wieczorek, Piotr Wójcik ; opracowanie i redakcja map: Grzegorz Ajdacki i 15 pozostałych ; opracowanie części encyklopedycznej i teksty: Grzegorz Ajdacki i 14 pozostałych.
246 -Wariant tytułu [1,4]
    • a
    • Tytuł (NP)
    • Wielki atlas świata Find
250 -Strefa wydania [ , ]
    • a
    • Oznaczenie wydania (NP)
    • Wydanie 2022/2023 r. Edycja limitowana.
255 -Strefa danych matematycznych [ , ]
    • a
    • Strefa danych matematycznych
    • Skale różne.
260 -Strefa adresu wydawniczego [ , ]
    • a
    • Miejsce wydania (P)
    • Warszawa :
    • b
    • Nazwa wydawcy (P)
    • Demart,
    • c
    • Data wydania (P)
    • 2023.
300 -Strefa opisu fizycznego [ , ]
    • a
    • Określenie formy książki i/lub objętość (NP)
    • 1 atlas (432 strony) :
    • b
    • Oznaczenie ilustracji (NP)
    • mapy kolorowe ;
    • c
    • Format (NP)
    • 35 cm.
336 -Typ zawartości [ , ]
    • a
    • Termin opisujący typ zawartości
    • Mapa 2D
    • b
    • Kod określający zawartość
    • cri
    • 2
    • Źródło
    • rdacontent
337 -Typ medium [ , ]
    • a
    • Tryb odtwarzania
    • Bez urządzenia pośredniczącego
    • b
    • Kod typu mediów
    • n
    • 2
    • Źródło (termin i kod)
    • rdamedia
338 -Typ nośnika [ , ]
    • a
    • Termin określający typ nośnika
    • Wolumin
    • b
    • Kod określający typ nośnika
    • nc
    • 2
    • Źródło (termin i kod)
    • rdacarrier
380 -Deskryptor - Forma dzieła (P) [ , ]
    • a
    • forma dzieła (NP)
    • Mapy
500 -Uwaga ogólna [ , ]
    • a
    • Uwaga ogólna (NP)
    • Atlas zawiera również leksykon państw świata oraz dane statystyczne "Świat w liczbach".
500 -Uwaga ogólna [ , ]
    • a
    • Uwaga ogólna (NP)
    • Rzeźba terenu przedstawiona metodą hipsometrii i batymetrii barwnej, cieniowaniem oraz punktami wysokości i głębokości.
500 -Uwaga ogólna [ , ]
    • a
    • Uwaga ogólna (NP)
    • Wewnętrzne strony okładki: skorowidze map.
504 -Uwaga dot. bibliografii załącznikowej [ , ]
    • a
    • Uwaga dot. bibliografii załącznikowej
    • Indeks.
650 -Hasło przedmiotowe [ ,7]
    • a
    • Hasło przedmiotowe
    • Geografia polityczna
    • v
    • Określnik formalny
    • encyklopedie.
    • 9
    • KHW
    • 407382
651 -Hasło przedmiotowe w formie nazwy geograficznej [ ,7]
    • a
    • Nazwa geograficzna
    • Ziemia (planeta)
    • v
    • Określnik formalny
    • mapy.
    • 2
    • Źródło terminu
    • kaba
    • 9
    • KHW
    • 118351
655 -Hasło przedmiotowe - forma [ ,7]
    • a
    • Hasło - forma
    • Atlasy
    • y
    • Określnik chronologiczny
    • 1990-.
    • 2
    • Źródło terminu
    • kaba
    • 9
    • KHW
    • 360219
700 -Hasło dodatkowe - nazwa osobowa [1, ]
    • a
    • Nazwa osobowa (NP)
    • Wieczorek, Marzena Find
    • d
    • Daty biograficzne (NP)
    • (1964- ).
    • e
    • Określenie rodzaju współpracy (NP)
    • Redakcja
    • 9
    • KHW
    • 46662
700 -Hasło dodatkowe - nazwa osobowa [1, ]
    • a
    • Nazwa osobowa (NP)
    • Wójcik, Piotr Find
    • d
    • Daty biograficzne (NP)
    • (1967- ).
    • e
    • Określenie rodzaju współpracy (NP)
    • Redakcja
    • 9
    • KHW
    • 257987
700 -Hasło dodatkowe - nazwa osobowa [1, ]
    • a
    • Nazwa osobowa (NP)
    • Ajdacki, Grzegorz. Find
    • e
    • Określenie rodzaju współpracy (NP)
    • Redakcja
    • 9
    • KHW
    • 46661
710 -Hasło dodatkowe - nazwa ciała zbiorowego [2, ]
    • a
    • Nazwa ciała zbiorowego lub nazwa geograficzna jako pierwszy element (NP)
    • Wydawnictwo Demart.
    • e
    • Rodzaj współpracy
    • Wydawca
    • 4
    • Kod relacji
    • pbl
    • 9
    • KHW
    • 54659
920 -ISBN [ , ]
    • a
    • ISBN
    • 978-83-7912-511-1 Find
Obwoluta Cena Numer inwentarzowy Data inwentaryzacji Sposób nabycia Kierowanie Kod kreskowy Data wprowadzenia opisu Akcesja Status udost.
189.25K.25142022-10-28kBG20050400251412022-10-2422k254/81